| 000 | 00453nam a22001937a 4500 | ||
|---|---|---|---|
| 999 |
_c6470 _d6470 |
||
| 003 | OSt | ||
| 005 | 20200123120142.0 | ||
| 008 | 200123b ||||| |||| 00| 0 eng d | ||
| 020 | _a0131784498 | ||
| 040 | _cDDC | ||
| 082 | _a514 MUN 2000. | ||
| 100 |
_aMunkres,R.James; _913306 |
||
| 245 | _aTopology | ||
| 250 | _a2nd ed. | ||
| 300 | _axvi,537p; | ||
| 504 | _aincludes index, and bibliography. | ||
| 650 |
_aTopology _95415 |
||
| 942 |
_2ddc _cO_SHELF |
||